Statistics for June 12th: Birthdays

Click here to take the quiz!

General Stats

  • This quiz has been taken 3 times
  • The average score is 2 of 7

Answer Stats

YearClueAnswer% Correct
1929Holocaust victim who wrote a diaryAnne Frank
100%
1924USA PresidentGeorge H. W. Bush
67%
1897British Prime MinisterAnthony Eden
33%
1962Wrote 12 Rules for LifeJordan Peterson
0%
1911Key figure in the Partisan movementMilovan Djilas
0%
1952Part of band The PretendersPete Farndon
0%
1859Montana SenatorThomas Walsh
0%

Score Distribution

Percentile by Number Answered

Percent of People with Each Score

Your Score History

You have not taken this quiz